01542nam a22003617a 4500003000500000005001700005008004100022010001000063011001000073035001000083040000900093082001400102110009900116245001400215260003500229300001600264490002000280505017600300590004100476590004100517590004100558590004200599650002700641650003900668830002700707901000700734942001000741949007200751949006700823999001700890952013900907952013401046CHAP20220329140617.0971013s1987 r 00010 d a54705 a55677 a59829 cCHAP a507.2bA3 aAgencia Gubernamental Sueca de Cooperación Científica con los Países en Desarrollo91115 aNicaragua aStockholm :bLa agencia,c1987 ac.a. 109 p. aResearch survey aContenido : La investigación científica en un contexto revolucionario, por Carlos M. Vilas.-- Cooperación científica entre Suecia y Nicaragua, por Enrique Garzúa aBATCH-UPDb10c20130110lUCH01h0618 aBATCH-UPDb10c20130410lUCH01h0301 aBATCH-UPDb10c20130914lUCH01h0504 aCONVERSIONb10c20130109lUCH01h133014aAyuda técnica.9903514aInvestigaciónxNicaragua.9602430 aResearch survey996087 aBK cLIBRO a507.2 A3bBCcLIBROd33724000124640eLIBROfc.2h73409i59829mDsi a507.2 A3bBCcLIBROd33724002205280eLIBROh73408i59829mDsi c54705d54705 00102ddc4052708GRALaBCbBCcPA_GRALd2019-12-31fLIBROl0o507.2 A3p33724000124640r2019-12-31 00:00:00tc.2w2019-12-31yLIBRO 00102ddc4052708GRALaBCbBCcPA_GRALd2019-12-31fLIBROl0o507.2 A3p33724002205280r2019-12-31 00:00:00w2019-12-31yLIBRO